A Contrastive Analysis on Linguistic Features of Proverbs Through Parallelism / Linguistic

Сохранить в:
Библиографические подробности
Главный автор: Đặng Ngọc Cư
Формат: Неизвестно
Язык:English
Опубликовано: 2003.
Предметы:
Метки: Добавить метку
Нет меток, Требуется 1-ая метка записи!
Thư viện lưu trữ: Mạng thư viện Đại học Đà Nẵng
LEADER 01176na a2200313 4500
001 000030817
003 4615
005 20221127151651.0
008 151001s2003 000 eng
040 |a LNN 
041 |a ENG 
082 |a 420.4  |b DA-C  |2 Linguistic 
100 |a Đặng Ngọc Cư 
245 2 |a A Contrastive Analysis on Linguistic Features of Proverbs Through Parallelism /  |c Đặng Ngọc Cư  |n Linguistic 
260 |c 2003. 
300 |a 72tr. : mh ; 30cm. 
650 |a A Contrastive Analysis on Linguistic Features of Proverbs Through Parallelism, Linguistic, Đặng Ngọc Cư, 2003 
852 |c Luận văn Thạc sĩ 
OWN |a LNN 
AVA |a UDN50  |b LNN  |c English  |d 420.4 DA-C  |e available  |t Error 5001 Not defined in file expand_doc_bib_avail.  |f 1  |g 0  |h N  |i 0  |j AN  |k 1 
999 |a From the UDN01 
AVA |a UDN50  |b LNN  |c English  |d 420.4 DA-C  |e available  |t Error 5001 Not defined in file expand_doc_bib_avail.  |f 1  |g 0  |h N  |i 0  |j AN  |k 1 
TYP |a Printed language 
980 |a Mạng thư viện Đại học Đà Nẵng